000 00372 a2200157 4500
001 149345
040 _cEscola São Tomás de Aquino
100 _aBRANCO, Samuel Murgel
240 1 0 _aPasseio por dentro da terra
_lpor
245 1 0 _aPasseio por dentro da terra
300 _a30
362 0 _a1995
440 1 _aModerna
697 _a*LITERATURA INFANTO
942 _cBK
999 _c149345
_d149345